000 004710000a22001930004500
001 003087
003 MACL
005 20150804154112.0
008 150804b xxu||||| |||| 00| 0 eng d
040 _aMACL
_cMACL
041 _aEnglish
082 _a365.6/ADV
100 _aAdvani, L.K.
_94674
245 _aA Prisoners's Scrap-Book
_cL.K. Advani
260 _aNew Delhi
_c2002
_bOcean Books,
350 _a400
650 _aSocial Science
_94675
942 _k366
_cBK
_2ddc
999 _c14993
_d14993